Robert J. YOUNG, Marketing Marianne. French Propaganda in America, 1900-1940, New Brunswick (New Jersey), Rutgers University Press, 2004, 247 p. (notice n° 1603520)
[ vue normale ]
| 000 -LEADER | |
|---|---|
| fixed length control field | 01908cam a2200169 4500500 |
| 005 - DATE AND TIME OF LATEST TRANSACTION | |
| control field | 20251228092700.0 |
| 041 ## - LANGUAGE CODE | |
| Language code of text/sound track or separate title | fre |
| 042 ## - AUTHENTICATION CODE | |
| Authentication code | dc |
| 100 10 - MAIN ENTRY--PERSONAL NAME | |
| Personal name | Dubosclard, Alain |
| Relator term | author |
| 245 00 - TITLE STATEMENT | |
| Title | Robert J. YOUNG, Marketing Marianne. French Propaganda in America, 1900-1940, New Brunswick (New Jersey), Rutgers University Press, 2004, 247 p. |
| 260 ## - PUBLICATION, DISTRIBUTION, ETC. | |
| Date of publication, distribution, etc. | 2005.<br/> |
| 500 ## - GENERAL NOTE | |
| General note | 69 |
| 520 ## - SUMMARY, ETC. | |
| Summary, etc. | Les missions des marines militaires européennes depuis 1989La redéfinition du concept d’emploi des forces armées en Europe depuis 1989 induisit une réorientation des missions assignées aux forces navales. Notre étude montre que des constantes européennes apparaissent, indépendamment des particularités nationales : une dynamique ascendante des missions d’intervention, une stagnation des missions traditionnelles, ainsi qu’un développement des missions de service public. Cependant, cette évolution ne témoigne pas d’une rupture totale au niveau du type de missions, mais plutôt d’une large réactualisation et redistribution des priorités. |
| 520 ## - SUMMARY, ETC. | |
| Summary, etc. | Les missions des marines militaires européennes depuis 1989The redefinition of the strategic and operational concept of the armed forces in Europe since 1989 has induced a reorientation of the missions assigned to the naval forces. Our study shows that several European constants appear independently of national characteristics : an ascending dynamic of projection missions, a stagnation of traditional missions, as well as a development of public utility missions. However this evolution does not mean a total rupture of the type of mission, but rather a broad re-actualization and redistribution of priorities. |
| 786 0# - DATA SOURCE ENTRY | |
| Note | Relations internationales | 122 | 2 | 2005-06-01 | p. 123c-134c | 0335-2013 |
| 856 41 - ELECTRONIC LOCATION AND ACCESS | |
| Uniform Resource Identifier | <a href="https://shs.cairn.info/revue-relations-internationales-2005-2-page-123c?lang=fr&redirect-ssocas=7080">https://shs.cairn.info/revue-relations-internationales-2005-2-page-123c?lang=fr&redirect-ssocas=7080</a> |
Pas d'exemplaire disponible.




Réseaux sociaux